书目信息 |
| 题名: |
圆明园
|
|
| 作者: | ;中国圆明园学会筹委会 主编 | |
| 分册: | 第一集 | |
| 出版信息: | 北京 中国建筑工业出版社 1981 |
|
| 页数: | 231页 | |
| 开本: | 26cm | |
| 丛书名: | ||
| 单 册: | ||
| 中图分类: | K928.73 , K207 | |
| 科图分类: | ||
| 主题词: | 圆明园--史料 , 圆明园 , 中国--通史 | |
| 电子资源: | ||
| ISBN: | ||
| 000 | 00697nam0 2200253 450 | |
| 001 | 1552043984 | |
| 005 | 20150119142942.17 | |
| 010 | @dCNY1.95 | |
| 091 | @a15040.3857 | |
| 100 | @a19960813d1981 em y0chiy0110 ea | |
| 101 | 0 | @achi |
| 102 | @aCN@b110000 | |
| 105 | @ay z 000yy | |
| 200 | 1 | @a圆明园@9yuan ming yuan@h第一集@f中国圆明园学会筹委会主编 |
| 210 | @a北京@c中国建筑工业出版社@d1981 | |
| 215 | @a231页@d26cm | |
| 606 | 0 | @a圆明园@x史料 |
| 606 | 0 | @a圆明园 |
| 606 | 0 | @a中国@x通史 |
| 690 | @aK928.73@v5 | |
| 690 | @aK207@v4 | |
| 711 | 02 | @a中国圆明园学会筹委会@9zhong guo yuan ming yuan xue hui chou wei hui@4主编 |
| 801 | 0 | @aCN@bTSSF@c20150119 |
| 905 | @aZUCC@dK207@eJY5:1 | |
| 圆明园.第一集/中国圆明园学会筹委会主编.-北京:中国建筑工业出版社,1981 |
| 231页;26cm |
| ISBN :CNY1.95 |
| ● |
| 相关链接 |
|
|
|
|
正题名:圆明园
索取号:K207/JY5:1
 
预约/预借
| 序号 | 登录号 | 条形码 | 馆藏地/架位号 | 状态 | 备注 |
| 1 | 7847152 | 278471529 | 学院路分馆/ [索取号:K207/JY5:1] | 在馆 |